{"text_format":"3","workbook":"xlsx","n_sheets":1,"sheets":["Worksheet"],"read":"whole","date_system":"1900"}

{"sheet":"Worksheet","index":0,"n_rows":43,"n_cols":15,"rows_kept":43}
["№","Название ОУ","Фамилия","Имя","Отчество","Пол","Класс","Класс участия","Балл","Макс. балл","Статус","Призер МЭ прошлого года","Учитель","Место работы учителя","Предмет"]
[715370,"МБОУ \"Школа №24\"","Алиев","Арслан","Асланович","м",4,5,74,100,"призер",null,"Гайнуллин Айдар Талгатович","МБОУ \"Школа №24\"","Физическая культура"]
[715371,"МБОУ \"Школа №24\"","Махмутов","Дамир","Рамилевич","м",4,5,32,100,"участник",null,"Гайнуллин Айдар Талгатович","МБОУ \"Школа №24\"","Физическая культура"]
[715372,"МБОУ \"Школа №24\"","Сурман","Арина","Валерьевна","ж",6,6,70,100,"призер",null,"Гайнуллин Айдар Талгатович","МБОУ \"Школа №24\"","Физическая культура"]
[715373,"МБОУ \"Школа №24\"","Красовская","Лика","Георгиевна","ж",6,6,70,100,"призер",null,"Гайнуллин Айдар Талгатович","МБОУ \"Школа №24\"","Физическая культура"]
[715374,"МБОУ \"Школа №24\"","Сабирова","Эмилия","Маратовна","ж",6,6,70,100,"призер",null,"Гайнуллин Айдар Талгатович","МБОУ \"Школа №24\"","Физическая культура"]
[715375,"МБОУ \"Школа №24\"","Коныгина","Амелия","Эдуардовна","ж",6,6,69,100,"призер",null,"Гайнуллин Айдар Талгатович","МБОУ \"Школа №24\"","Физическая культура"]
[715376,"МБОУ \"Школа №24\"","Макарова","Кира","Сергеевна","ж",6,6,69,100,"призер",null,"Гайнуллин Айдар Талгатович","МБОУ \"Школа №24\"","Физическая культура"]
[715377,"МБОУ \"Школа №24\"","Шаракаева","Ралина","Руслановна","ж",6,6,68,100,"призер",null,"Гайнуллин Айдар Талгатович","МБОУ \"Школа №24\"","Физическая культура"]
[715378,"МБОУ \"Школа №24\"","Альфарадж","Лайан","нет","ж",6,6,65,100,"призер",null,"Гайнуллин Айдар Талгатович","МБОУ \"Школа №24\"","Физическая культура"]
[715379,"МБОУ \"Школа №24\"","Музипова","Розалия","Радиковна","ж",7,7,70,100,"призер",null,"Гайнуллин Айдар Талгатович","МБОУ \"Школа №24\"","Физическая культура"]
[715380,"МБОУ \"Школа №24\"","Альфарадж","Айя","нет","ж",7,7,65,100,"призер",null,"Гайнуллин Айдар Талгатович","МБОУ \"Школа №24\"","Физическая культура"]
[715381,"МБОУ \"Школа №24\"","Сиразетдинова","Регина","Дамировна","ж",7,7,64,100,"призер",null,"Гайнуллин Айдар Талгатович","МБОУ \"Школа №24\"","Физическая культура"]
[715382,"МБОУ \"Школа №24\"","Сафиуллина","Камила","Рафиковна","ж",7,7,62,100,"призер",null,"Гайнуллин Айдар Талгатович","МБОУ \"Школа №24\"","Физическая культура"]
[715383,"МБОУ \"Школа №24\"","Гумерская","Эмилия","Александровна","ж",7,7,62,100,"призер",null,"Гайнуллин Айдар Талгатович","МБОУ \"Школа №24\"","Физическая культура"]
[715384,"МБОУ \"Школа №24\"","Абдулхаирова","Ясмина","Руслановна","ж",7,7,58,100,"участник",null,"Гайнуллин Айдар Талгатович","МБОУ \"Школа №24\"","Физическая культура"]
[715385,"МБОУ \"Школа №24\"","Ёлкина","Алина","Юрьевна","ж",8,8,58,100,"участник",null,"Лукьянов Алексей Юрьевич","МБОУ \"Школа №24\"","Физическая культура"]
[715386,"МБОУ \"Школа №24\"","Санжапова","Аиша","Иршатовна","ж",8,8,67,100,"призер",null,"Лукьянов Алексей Юрьевич","МБОУ \"Школа №24\"","Физическая культура"]
[715387,"МБОУ \"Школа №24\"","Фазлеева","Алиса","Искандеровна","ж",8,8,95,100,"победитель",null,"Сенюхин Сергей Геннадьевич","МБОУ \"Школа №24\"","Физическая культура"]
[715388,"МБОУ \"Школа №24\"","Шарифуллин","Эмиль","Линарович","м",8,8,93,100,"победитель",null,"Сенюхин Сергей Геннадьевич","МБОУ \"Школа №24\"","Физическая культура"]
[715389,"МБОУ \"Школа №24\"","Кузнецов","Семен","Викторович","м",9,9,97,100,"победитель","Да","Лукьянов Алексей Юрьевич","МБОУ \"Школа №24\"","Физическая культура"]
[715390,"МБОУ \"Школа №24\"","Игламов","Карим","Айратович","м",9,9,49,100,"участник",null,"Лукьянов Алексей Юрьевич","МБОУ \"Школа №24\"","Физическая культура"]
[715391,"МБОУ \"Школа №24\"","Идрисов","Карим","Русланович","м",9,9,36,100,"участник",null,"Лукьянов Алексей Юрьевич","МБОУ \"Школа №24\"","Физическая культура"]
[715392,"МБОУ \"Школа №24\"","Фукина","Дарья","Андреевна","ж",9,9,31,100,"участник",null,"Лукьянов Алексей Юрьевич","МБОУ \"Школа №24\"","Физическая культура"]
[715393,"МБОУ \"Школа №24\"","Агишева","Ксения","Алексеевна","ж",9,9,31,100,"участник",null,"Лукьянов Алексей Юрьевич","МБОУ \"Школа №24\"","Физическая культура"]
[715394,"МБОУ \"Школа №24\"","Уткин","Семён","Евгеньевич","м",9,9,29,100,"участник",null,"Лукьянов Алексей Юрьевич","МБОУ \"Школа №24\"","Физическая культура"]
[715395,"МБОУ \"Школа №24\"","Ульянова","Камилла","Ильинична","ж",10,10,92,100,"победитель",null,"Сенюхин Сергей Геннадьевич","МБОУ \"Школа №24\"","Физическая культура"]
[715396,"МБОУ \"Школа №24\"","Алимов","Глеб","Тимурович","м",10,10,55,100,"участник",null,"Гайнуллин Айдар Талгатович","МБОУ \"Школа №24\"","Физическая культура"]
[715397,"МБОУ \"Школа №24\"","Костюхин","Матвей","Александрович","м",10,10,54,100,"участник",null,"Гайнуллин Айдар Талгатович","МБОУ \"Школа №24\"","Физическая культура"]
[715398,"МБОУ \"Школа №24\"","Харисов","Камиль","Радикович","м",10,10,49,100,"участник",null,"Гайнуллин Айдар Талгатович","МБОУ \"Школа №24\"","Физическая культура"]
[715399,"МБОУ \"Школа №24\"","Проккоев","Филипп","Антонович","м",10,10,49,100,"участник",null,"Гайнуллин Айдар Талгатович","МБОУ \"Школа №24\"","Физическая культура"]
[715400,"МБОУ \"Школа №24\"","Единцов","Артём","Глебович","м",10,10,44,100,"участник",null,"Гайнуллин Айдар Талгатович","МБОУ \"Школа №24\"","Физическая культура"]
[715401,"МБОУ \"Школа №24\"","Хузин","Рамзан","Ильнарович","м",10,10,42,100,"участник",null,"Гайнуллин Айдар Талгатович","МБОУ \"Школа №24\"","Физическая культура"]
[715402,"МБОУ \"Школа №24\"","Исхаков","Артур","Алмазович","м",10,10,38,100,"участник",null,"Гайнуллин Айдар Талгатович","МБОУ \"Школа №24\"","Физическая культура"]
[715403,"МБОУ \"Школа №24\"","Линючкин","Михаил","Юрьевич","м",10,10,38,100,"участник",null,"Гайнуллин Айдар Талгатович","МБОУ \"Школа №24\"","Физическая культура"]
[715404,"МБОУ \"Школа №24\"","Мотигуллин","Рамазан","Ренатович","м",10,10,36,100,"участник",null,"Гайнуллин Айдар Талгатович","МБОУ \"Школа №24\"","Физическая культура"]
[715405,"МБОУ \"Школа №24\"","Абдрашитова","Карина","Айратовна","ж",10,10,29,100,"участник",null,"Сенюхин Сергей Геннадьевич","МБОУ \"Школа №24\"","Физическая культура"]
[715406,"МБОУ \"Школа №24\"","Баззакуц","Виктория ","Олеговна","ж",10,10,28,100,"участник",null,"Сенюхин Сергей Геннадьевич","МБОУ \"Школа №24\"","Физическая культура"]
[715407,"МБОУ \"Школа №24\"","Пименова","Виктория","Руслановна","ж",11,11,66,100,"призер",null,"Гайнуллин Айдар Талгатович","МБОУ \"Школа №24\"","Физическая культура"]
[715408,"МБОУ \"Школа №24\"","Волков","Егор","Артемович","м",11,11,52,100,"участник",null,"Лукьянов Алексей Юрьевич","МБОУ \"Школа №24\"","Физическая культура"]
[715409,"МБОУ \"Школа №24\"","Фазлиева","Алина","Айратовна","ж",11,11,48,100,"участник",null,"Гайнуллин Айдар Талгатович","МБОУ \"Школа №24\"","Физическая культура"]
[715410,"МБОУ \"Школа №24\"","Зарипов","Искандер","Динарович","м",11,11,46,100,"участник",null,"Лукьянов Алексей Юрьевич","МБОУ \"Школа №24\"","Физическая культура"]
[715411,"МБОУ \"Школа №24\"","Меркушева","Олеся","Александровна","м",11,11,41,100,"участник",null,"Лукьянов Алексей Юрьевич","МБОУ \"Школа №24\"","Физическая культура"]